00471 2200181 4500001002100000005001500021008004100036020002200077035001900099041000700118082001100125090001700136100001200153245003100165260003700196300003500233650002100268INLIS00000000000011620241224112123241224||||||||| | ||| |||| || |  a978-602-9888-40-9 0010-1224000116 aid0 a330.12 a330.12 AND k0 aAndhini00aKapitalisme dan Blackwater aJakartabMahaka Publishingc2012 a19x13 cm, xii,210 hlm.; ilus.: 0aIlmu-ilmu Sosial